Normal view MARC view

Entry Personal Name

Number of records used in: 1

001 - CONTROL NUMBER

  • control field: 21242

003 - CONTROL NUMBER IDENTIFIER

  • control field: OSt

005 - DATE AND TIME OF LATEST TRANSACTION

  • control field: 20211201105630.0

008 - FIXED-LENGTH DATA ELEMENTS

  • fixed length control field: 211201|| aca||aabn | a|a d

040 ## - CATALOGING SOURCE

  • Original cataloging agency: OSt
  • Transcribing agency: OSt

100 ## - HEADING--PERSONAL NAME

  • Personal name: LEWIS ROY
  • Fuller form of name: LEWIS ROY

670 ## - SOURCE DATA FOUND

  • Source citation: Work cat.: (OSt)20918: LEWIS ROY LEWIS ROY, THE EVOLUTION MAN OR, HOE/ ATE MY FATHER, 1960